<?xml version="1.0" encoding="UTF-8"?>
<record
    xmlns:xsi="http://www.w3.org/2001/XMLSchema-instance"
    xsi:schemaLocation="http://www.loc.gov/MARC21/slim http://www.loc.gov/standards/marcxml/schema/MARC21slim.xsd"
    xmlns="http://www.loc.gov/MARC21/slim">

  <leader>02382nam a22003137a 4500</leader>
  <controlfield tag="005">20110805115919.0</controlfield>
  <datafield tag="010" ind1=" " ind2=" ">
    <subfield code="a">B-435893-897</subfield>
  </datafield>
  <datafield tag="020" ind1=" " ind2=" ">
    <subfield code="c">25.00</subfield>
    <subfield code="a">9788184790764</subfield>
  </datafield>
  <datafield tag="035" ind1=" " ind2=" ">
    <subfield code="a">B-435893-897</subfield>
  </datafield>
  <datafield tag="037" ind1=" " ind2=" ">
    <subfield code="b">&#x92C;&#x94D;&#x932;&#x92F;&#x942;&#x92C;&#x947;&#x930;&#x940; &#x92C;&#x941;&#x915;&#x94D;&#x938;</subfield>
  </datafield>
  <datafield tag="082" ind1=" " ind2=" ">
    <subfield code="a">&#x915; </subfield>
  </datafield>
  <datafield tag="100" ind1=" " ind2=" ">
    <subfield code="a">&#x936;&#x94D;&#x930;&#x940;&#x926;&#x932;&#x93E; &#x938;&#x94D;&#x935;&#x93E;&#x92E;&#x940;</subfield>
    <subfield code="9">31957</subfield>
  </datafield>
  <datafield tag="245" ind1=" " ind2=" ">
    <subfield code="a">&#x92B;&#x93C;&#x923;&#x93F; &#x915;&#x940; &#x91A;&#x902;&#x91A;&#x932; &#x91A;&#x92A;&#x94D;&#x92A;&#x932; /</subfield>
    <subfield code="c">&#x936;&#x94D;&#x930;&#x940;&#x926;&#x932;&#x93E; &#x938;&#x94D;&#x935;&#x93E;&#x92E;&#x940;; &#x938;&#x902;&#x91C;&#x92F; &#x938;&#x930;&#x915;&#x93E;&#x930; &#x926;&#x94D;&#x935;&#x93E;&#x930;&#x93E; &#x91A;&#x93F;&#x924;&#x94D;&#x930;&#x93E;&#x902;&#x915;&#x93F;&#x924;; &#x92E;&#x928;&#x940;&#x937;&#x93E; &#x91A;&#x94C;&#x927;&#x930;&#x940; &#x926;&#x94D;&#x935;&#x93E;&#x930;&#x93E; &#x939;&#x93F;&#x928;&#x94D;&#x926;&#x940; &#x92E;&#x947;&#x902; &#x905;&#x928;&#x941;&#x926;&#x93F;&#x924;    </subfield>
    <subfield code="b"> </subfield>
  </datafield>
  <datafield tag="246" ind1=" " ind2=" ">
    <subfield code="a">Phani ki chanchal chappal</subfield>
    <subfield code="b">by Sridala Swamy</subfield>
  </datafield>
  <datafield tag="260" ind1=" " ind2=" ">
    <subfield code="a">&#x928;&#x908;  &#x926;&#x93F;&#x932;&#x94D;&#x932;&#x940; </subfield>
    <subfield code="b">&#x92A;&#x94D;&#x930;&#x925;&#x92E; &#x92C;&#x941;&#x915;&#x94D;&#x938;</subfield>
    <subfield code="c">2009</subfield>
  </datafield>
  <datafield tag="270" ind1=" " ind2=" ">
    <subfield code="b">&#x928;&#x908; &#x926;&#x93F;&#x932;&#x94D;&#x932;&#x940;</subfield>
    <subfield code="k">011-65684113</subfield>
    <subfield code="l"> </subfield>
    <subfield code="m">www.prathambooks.org</subfield>
  </datafield>
  <datafield tag="300" ind1=" " ind2=" ">
    <subfield code="a">&#x905;.&#x92A;&#x943;.;</subfield>
    <subfield code="c">22&#x938;&#x947;&#x92E;&#x940; (&#x905;&#x91C;&#x93F;&#x932;&#x94D;&#x926;)</subfield>
    <subfield code="b">&#x938;&#x91A;&#x93F;&#x924;&#x94D;&#x930; </subfield>
  </datafield>
  <datafield tag="490" ind1=" " ind2=" ">
    <subfield code="a"> </subfield>
    <subfield code="9">31958</subfield>
  </datafield>
  <datafield tag="700" ind1=" " ind2=" ">
    <subfield code="a">&#x938;&#x930;&#x915;&#x93E;&#x930;, &#x938;&#x902;&#x91C;&#x92F;   </subfield>
    <subfield code="9">31481</subfield>
  </datafield>
  <datafield tag="700" ind1=" " ind2=" ">
    <subfield code="a">&#x91A;&#x94C;&#x927;&#x930;&#x940;, &#x92E;&#x928;&#x940;&#x937;&#x93E; </subfield>
    <subfield code="9">31525</subfield>
  </datafield>
  <datafield tag="710" ind1=" " ind2=" ">
    <subfield code="a"> </subfield>
    <subfield code="9">31483</subfield>
  </datafield>
  <datafield tag="942" ind1=" " ind2=" ">
    <subfield code="2">ddc</subfield>
    <subfield code="c">CH</subfield>
    <subfield code="m">&#x936;&#x94D;&#x930;&#x940;&#x926;&#x932;&#x93E;</subfield>
    <subfield code="h">&#x915;  </subfield>
  </datafield>
  <datafield tag="999" ind1=" " ind2=" ">
    <subfield code="c">54945</subfield>
    <subfield code="d">54945</subfield>
  </datafield>
  <datafield tag="952" ind1=" " ind2=" ">
    <subfield code="0">0</subfield>
    <subfield code="1">0</subfield>
    <subfield code="4">0</subfield>
    <subfield code="7">0</subfield>
    <subfield code="8">FIC</subfield>
    <subfield code="a">L</subfield>
    <subfield code="b">L</subfield>
    <subfield code="d">2011-08-08</subfield>
    <subfield code="e">&#x92C;&#x94D;&#x932;&#x94D;&#x92F;&#x942; &#x92C;&#x947;&#x930;&#x940;/6364/25.3.2011/83/21.3.11/31.3.11</subfield>
    <subfield code="g">25.00</subfield>
    <subfield code="l">0</subfield>
    <subfield code="o">&#x915;   &#x936;&#x94D;&#x930;&#x940;&#x926;&#x932;&#x93E;</subfield>
    <subfield code="p">B-435893</subfield>
    <subfield code="r">2011-08-08 00:00:00</subfield>
    <subfield code="t">1</subfield>
    <subfield code="v">25.00</subfield>
    <subfield code="w">2011-08-08</subfield>
    <subfield code="y">CH</subfield>
  </datafield>
  <datafield tag="952" ind1=" " ind2=" ">
    <subfield code="0">0</subfield>
    <subfield code="1">0</subfield>
    <subfield code="4">0</subfield>
    <subfield code="7">0</subfield>
    <subfield code="8">FIC</subfield>
    <subfield code="a">BL1</subfield>
    <subfield code="b">BL1</subfield>
    <subfield code="d">2011-08-08</subfield>
    <subfield code="e">&#x92C;&#x94D;&#x932;&#x94D;&#x92F;&#x942; &#x92C;&#x947;&#x930;&#x940;/6364/25.3.2011/83/21.3.11/31.3.11</subfield>
    <subfield code="g">25.00</subfield>
    <subfield code="l">0</subfield>
    <subfield code="o">&#x915;   &#x936;&#x94D;&#x930;&#x940;&#x926;&#x932;&#x93E;</subfield>
    <subfield code="p">B-435894</subfield>
    <subfield code="r">2011-08-08 00:00:00</subfield>
    <subfield code="t">1</subfield>
    <subfield code="v">25.00</subfield>
    <subfield code="w">2011-08-08</subfield>
    <subfield code="y">CH</subfield>
  </datafield>
  <datafield tag="952" ind1=" " ind2=" ">
    <subfield code="0">0</subfield>
    <subfield code="1">0</subfield>
    <subfield code="4">0</subfield>
    <subfield code="7">0</subfield>
    <subfield code="8">FIC</subfield>
    <subfield code="a">BN</subfield>
    <subfield code="b">BN</subfield>
    <subfield code="d">2011-08-08</subfield>
    <subfield code="e">&#x92C;&#x94D;&#x932;&#x94D;&#x92F;&#x942; &#x92C;&#x947;&#x930;&#x940;/6364/25.3.2011/83/21.3.11/31.3.11</subfield>
    <subfield code="g">25.00</subfield>
    <subfield code="l">2</subfield>
    <subfield code="o">&#x915;   &#x936;&#x94D;&#x930;&#x940;&#x926;&#x932;&#x93E;</subfield>
    <subfield code="p">B-435895</subfield>
    <subfield code="r">2023-02-24 00:00:00</subfield>
    <subfield code="s">2023-02-08</subfield>
    <subfield code="t">1</subfield>
    <subfield code="v">25.00</subfield>
    <subfield code="y">CH</subfield>
  </datafield>
  <datafield tag="952" ind1=" " ind2=" ">
    <subfield code="0">0</subfield>
    <subfield code="1">0</subfield>
    <subfield code="4">0</subfield>
    <subfield code="7">0</subfield>
    <subfield code="8">FIC</subfield>
    <subfield code="a">BL3</subfield>
    <subfield code="b">BL3</subfield>
    <subfield code="d">2011-08-08</subfield>
    <subfield code="e">&#x92C;&#x94D;&#x932;&#x94D;&#x92F;&#x942; &#x92C;&#x947;&#x930;&#x940;/6364/25.3.2011/83/21.3.11/31.3.11</subfield>
    <subfield code="g">25.00</subfield>
    <subfield code="l">0</subfield>
    <subfield code="o">&#x915;   &#x936;&#x94D;&#x930;&#x940;&#x926;&#x932;&#x93E;</subfield>
    <subfield code="p">B-435896</subfield>
    <subfield code="r">2011-08-08 00:00:00</subfield>
    <subfield code="t">1</subfield>
    <subfield code="v">25.00</subfield>
    <subfield code="w">2011-08-08</subfield>
    <subfield code="y">CH</subfield>
  </datafield>
  <datafield tag="952" ind1=" " ind2=" ">
    <subfield code="0">0</subfield>
    <subfield code="1">0</subfield>
    <subfield code="4">0</subfield>
    <subfield code="7">0</subfield>
    <subfield code="8">FIC</subfield>
    <subfield code="a">ZLS</subfield>
    <subfield code="b">ZLS</subfield>
    <subfield code="d">2011-08-08</subfield>
    <subfield code="e">&#x92C;&#x94D;&#x932;&#x94D;&#x92F;&#x942; &#x92C;&#x947;&#x930;&#x940;/6364/25.3.2011/83/21.3.11/31.3.11</subfield>
    <subfield code="g">25.00</subfield>
    <subfield code="l">1</subfield>
    <subfield code="o">&#x915;   &#x936;&#x94D;&#x930;&#x940;&#x926;&#x932;&#x93E;</subfield>
    <subfield code="p">B-435897</subfield>
    <subfield code="r">2020-11-07 00:00:00</subfield>
    <subfield code="s">2020-10-17</subfield>
    <subfield code="t">1</subfield>
    <subfield code="v">25.00</subfield>
    <subfield code="y">CH</subfield>
  </datafield>
</record>
